000 00423nab a2200145Ia 4500
003 ES-SlBCS
005 20210601130843.0
008 140529s1894 xxu||||| |||| 00| 0 fre d
041 _afre
100 1 _aBatiffol, Pierre
_916865
245 0 0 _aLe symbole des apotres
_c Pierre Batiffol
650 0 4 _aApóstoles-Símbolos
_9178082
773 0 _tRevue Biblique Internacionale
_gvol. 3, 1894, págs. 30-51
_wRev879
942 _cAR
999 _c553528
_d553528